000 00595nam a2200205Ia 4500
003 GCL
008 140319s9999 xx 000 0 ara d
040 _aGCL /
_cGCL
082 0 4 _a813.009
_bع ا
100 1 _aعبدالفتاح عثمان
245 1 0 _aالاسلوب القصصى عند يحيى حقى /
_cعبدالفتاح عثمان
260 _a[S.N] :
_bمكتبة الشباب ،
_c1990
300 _a215 ص
490 _a
650 0 4 _aالقصص العربية
650 0 4 _aالاسلوب
650 0 4 _aيحيى حقى
650 0 4 _aتاريخ ونقد
942 _2ddc
_cBK
999 _c40610
_d40610